¿Qué es el hombre? : introducción al estudio de las ciencias sociales /

Guardado en:
Detalles Bibliográficos
Autor principal: Arredondo Muñozledo, Benjamín (autor)
Formato: Libro
Idioma:Español
Publicado: México : Porrúa, 1972, c1972
Etiquetas: Agrega una etiqueta
Sin etiquetas, Sé el primero en etiquetar este registro!

MARC

LEADER 00000nam^a2200000^a^4500
001 000595687
005 20250521000000.0
009 20260310133051.826
037 |a Acervo Xavier Clavigero 
041 |a ESP 
091 |a FDU. 00497 
100 |a Arredondo Muñozledo, Benjamín  |e (autor) 
245 1 0 |a ¿Qué es el hombre? :  |b introducción al estudio de las ciencias sociales / 
264 4 |a México :  |b Porrúa,  |c 1972, c1972 
300 |a 428 p. 
336 |a texto  |b txt  |2 rdacontenido 
337 |a sin mediación  |b n  |2 rdamedio 
338 |a volumen  |b nc  |2 rdasoporte 
649 |a XX 
910 |a Fondo Víctor Raúl Durana Valerio S.J. 
920 |a Impresos - Libros 
930 |a Fondos Especiales 
905 |a 116 
901 |a 595687-10  |b IT2  |c ESP  |i D3940  |u 20250521 
902 |a https://opac.biblio.iteso.mx/vufind/Record/000595687